Ruhani Tabib (Record no. 4753)

MARC details
000 -LEADER
fixed length control field 00552nam a2200229 a 4500
020 ## - INTERNATIONAL STANDARD BOOK NUMBER
ISBN
082 00 - DEWEY DECIMAL CLASSIFICATION NUMBER
Classification number 297.86
Author Cutter AKM1
100 ## - MAIN ENTRY--AUTHOR NAME
Author name Akmal, Muhammad Zahoor Uddin
245 ## - TITLE STATEMENT
Title Ruhani Tabib
260 ## - PUBLICATION, DISTRIBUTION, ETC. (IMPRINT)
Place of publication Lahore
Name of publisher Islamia Press
Year of publication 1912
300 ## - PHYSICAL DESCRIPTION
Number of Pages 47p
500 ## - GENERAL NOTE
General note includes index and biblioraphy
650 ## - SUBJECT ADDED ENTRY--TOPICAL TERM
Topical Term Ahmadiyyah
942 ## - ADDED ENTRY ELEMENTS (KOHA)
Koha item type Books
700 1# -
-- Akmal, Muhammad Zahoor Uddin
Holdings
Collection code Home library Current library Date acquired Cost, normal purchase price Full call number Accession Number Koha item type
  Henry Martyn Institute Library Henry Martyn Institute Library 06/22/2007 25.00 297.86 AKM1 06196 Books
                   Copyright © 2026 | Henry Martyn Institute | Hyderabad | TS-500052 | INDIA | Implemented by hmi.edu.in
Hit-Count:

Powered by Koha